000 00540nam a2200169 i 4500
001 63728
003 ES-MaACL
005 20230906164943.0
007 t|
008 031216s1958 ag ||||1| spa d
100 1 _aFieschi, A.
_950723
245 1 0 _aFisiopatología
_b: (aplicada a la clínica) /
_cA. Fieschi ; traducción de José Enrique Mosquera.
260 _aBuenos Aires :
_bBeta,
_c1958 (
_fOptimus)
300 _aXIV, 667 p. :
_bil. ;
_c27 cm.
700 1 _aMosquera, José Enrique.
_983780
852 _aES-MaACL
_jC-16855
_bR.45151
999 _c63728
_d63728